|
|
|
|
| LEADER |
00634cam a2200169 7i4500 |
| 001 |
0000027846 |
| 005 |
20120808090000.0 |
| 020 |
0 |
0 |
|a 9780470149362
|
| 090 |
0 |
0 |
|a P 615.32120
|b TRA
|
| 245 |
0 |
0 |
|a Traditional herbal medicine research methods: identification, analysis, bioassay and pharmaceutical and clinical studies.
|
| 260 |
0 |
0 |
|a Hoboken, New Jersey:
|b John Wiley & Sons,
|c 2011.
|
| 300 |
# |
# |
|a 466 p.
|
| 650 |
0 |
0 |
|a Herbs --
|x Therapeutic use --
|x Testing
|
| 650 |
0 |
0 |
|a Materia medica, vegetable --
|x Research
|
| 650 |
0 |
0 |
|a Traditional herbal medicine
|
| 650 |
0 |
0 |
|a Herbal medicine
|
| 999 |
|
|
|a B000030688
|b Book
|c Products
|e Business Information Centre
|